| 000 | 00527nam a22001695i 4500 | ||
|---|---|---|---|
| 001 | 48527 | ||
| 003 | ES-MaACL | ||
| 007 | t| | ||
| 008 | 950725s1870 fr ||||1| fre d | ||
| 040 |
_aCAM _bspa _cCAM |
||
| 100 | 1 |
_aDemogeot, J. _943656 |
|
| 245 | 1 | 0 |
_aDe l'enseignement supérieur en Angleterre et en Ecosse / _crapport... par MM. J. Demogeot... et H. Montucci... |
| 260 |
_aParis : _bImprimerie Impériale, _c1870. |
||
| 300 |
_a[4], IV, 733 p. ; _c27 cm. |
||
| 700 | 1 |
_aMontucci, H. _982753 |
|
| 852 |
_aES-MaACL _jG-6607 |
||
| 999 |
_c48527 _d48527 |
||